000 00322nam a22001337a 4500
008 170426b xxu||||| |||| 00| 0 eng d
020 _a9780669333091
041 _aeng
080 _a54
100 _a12
101 _aSHM
245 _aINTRODUCTION TO GENERAL, ORGANIC, AND BIOLOGICAL CHEMISTRY
_cMATTA
942 _2udc
_cBK
999 _c12060
_d12060